000
00268nam a22001217a 4500
003
SGT
082
_a
294.336
_b
B16T
100
_a
TIRCH, DENNIS
245
_a
BUDDHIST PSYCHOLOGY AND CPT
260
_a
NEW YORK
_b
THE GUILFORD
_c
2016
300
_a
266
942
_2
ddc
_c
BK
999
_c
15035
_d
15035